000 00572nam a22002057a 4500
999 _c1283
_d1283
003 OSt
005 20240404142523.0
008 160312b xxu||||| |||| 00| 0 eng d
020 _a978-93-5115-115-9
040 _cLIC
082 _22014
_aDC 338.4
_bT697
245 _aTravel and tourism management.
260 _aUAE:
_b3G Elearning FZ LLC,
_c©2014.
300 _av, 189 pages:
_billustrations;
_c23 cm.
_eDVD
365 _b2,395.00
_cPhp
500 _aIncludes bibliographical references.
650 0 _93746
_aTourist trade
650 0 _93747
_aTravel
942 _2ddc
_cDC